000 00923nas a2200313 4500
001 BR0706269
003 BR-BrBNA
005 20231205111255.0
007 ta
008 230509b bl.|||p| |||| 00| 00por d
040 _aBR-BrBNA
_bpor
_cBiblioteca Nacional de Agricultura
041 _a(Pt)
072 _aL73
100 1 _aDe Nardi, A.D.
100 1 _aRodaski, S.
100 1 _aSouza, R.S.
100 1 _aBaudi, D.L.K.
100 1 _aCastro, J.H.T.
245 1 _aCicatrização secundária em feridas dermoepidérmicas tratadas com ácidos graxos, vitaminas A e E, lecitina de soja e iodo
650 _aCÃO
650 _aCICATRIZAÇÃO
650 _aÁCIDO GRAXO
650 _aLECITINA
650 _aSOJA
650 _aIODO
773 0 _tArchives of Veterinary Science (Brazil)
_xISSN 1517-784X
_g(2004), v. 9(1) p. 1-16
_wBR0706269
909 _a202311
_bLúcia
_c55
_dLúcia Elande
942 _2AGRIS
_n0
_cANA
999 _c191760
_d191760